000 00728nam a22001817a 4500
003 OSt
005 20251212015603.0
008 251212b |||||||| |||| 00| 0 eng d
020 _a978-0-385-73728-9
040 _aDWCL - Main Lib
_cOC
082 _aFic. S428m 2008
100 _aScott, Michael
245 _aThe magician:
_bthe secrets of the immortal Nicholas Flame /
_cMichael Scott
260 _aNew York:
_bDelacorte Press,
_cc2008.
300 _a464 p.:
_bill.;
_c20 cm.
520 _bFifteen year old twins sophie and Josh Newman continue their magical training in Paris with Nicholas Flamel, Scatty and the Comte de Saint-germain, pursued by Doctor Dee and the immortal Niccolo Machiavelli.
942 _2ddc
_cFIC.
_mFic.
_n0
999 _c7056
_d7056